=LDR 00000nam 2200000 4500 =001 INLIS000000000026971 =005 20140322103447.0 =006 =007 =008 Ind =035 ##$$a 0010-061300000026971 =041 ##$$a Ind =082 ##$$a 658.3 =090 ##$$a 658.3, Fat o =100 ##$$a Fathoni, Abdurrahmat =245 ##$$a Organisasi dan manajemen sumber daya manusia, Prof. Dr. H. Abdurrahmat Fathoni, M.Si =260 ##$$a Jakarta $b Rineka Cipta $c 2006 =300 ##$$a viii, 311 hlm, ilus, 21` cm =650 ##$$a Manajemen Personalia =850 ##$$a NBPNMAT =990 ##$$a 91118/BPAP-NTB/2014 =990 ##$$a 94058/BPAP-NTB/2014 =990 ##$$a 0001/BPAP-NTB/20142014